| Tag |
First Indicator |
Second Indicator |
Subfields |
| LEADER |
00000cam a22000004a 4500 |
| 001 |
in00001579021 |
| 005 |
20151022105607.0 |
| 008 |
000525s2000 enka b 001 0 eng |
| 010 |
|
|
|a 00042739
|
| 015 |
|
|
|a GBA0-X7584
|
| 019 |
|
|
|a 44153186
|
| 020 |
|
|
|a 0198507291
|
| 035 |
|
|
|a (OCoLC)ocm44313374
|
| 040 |
|
|
|a DLC
|c DLC
|d C#P
|d UKM
|d TXA
|d UtOrBLW
|
| 042 |
|
|
|a pcc
|
| 049 |
|
|
|a TXAM
|
| 050 |
0 |
0 |
|a QA267.7
|b .C37 2000
|
| 082 |
0 |
0 |
|a 511.3
|2 21
|
| 100 |
1 |
|
|a Carbone, Alessandra.
|
| 245 |
1 |
2 |
|a A graphic apology for symmetry and implicitness /
|c Alessandra Carbone and Stephen Semmes.
|
| 264 |
|
1 |
|a Oxford ;
|a New York :
|b Oxford University Press,
|c 2000.
|
| 300 |
|
|
|a xvii, 501 pages :
|b illustrations ;
|c 24 cm.
|
| 336 |
|
|
|a text
|b txt
|2 rdacontent
|
| 337 |
|
|
|a unmediated
|b n
|2 rdamedia
|
| 338 |
|
|
|a volume
|b nc
|2 rdacarrier
|
| 490 |
1 |
|
|a Oxford science publications
|
| 490 |
1 |
|
|a Oxford mathematical monographs
|
| 504 |
|
|
|a Includes bibliographical references (pages [487]-495) and index.
|
| 650 |
|
0 |
|a Computational complexity.
|
| 650 |
|
0 |
|a Group theory.
|
| 650 |
|
0 |
|a Graph theory.
|
| 650 |
|
0 |
|a Machine theory.
|
| 700 |
1 |
|
|a Semmes, Stephen,
|d 1962-
|
| 830 |
|
0 |
|a Oxford science publications.
|
| 830 |
|
0 |
|a Oxford mathematical monographs.
|
| 948 |
|
|
|a cataloged
|b h
|c 2001/1/3
|d c
|e cmulkey
|f 12:55:53 pm
|
| 994 |
|
|
|a E0
|b TXA
|
| 999 |
|
|
|a MARS
|
| 999 |
f |
f |
|s 69012d2c-d1bb-3885-a4f3-3de1ebd2953a
|i cdac40f1-d132-38cd-bee7-52f1823e37e6
|t 0
|
| 952 |
f |
f |
|p ric
|a Texas A&M University
|b Rellis Campus
|c Joint Library Facility
|d Remote Storage
|t 0
|e QA267.7 .C37 2000
|h Library of Congress classification
|i unmediated -- volume
|m A14827061757
|
| 998 |
f |
f |
|a QA267.7 .C37 2000
|t 0
|l Remote Storage
|